000 00319nam a2200145Ia 4500
005 20251222175930.0
008 251222s9999||||xx |||||||||||||| ||spa||
020 _a8496463397
082 _a833.92/L89
100 _aLorentz, Iny
245 0 _aLa Ramera Errante
250 _a1ra.ed.
264 _bSuma
942 _cLIB
999 _c41016
_d41016